000 00511nam a2200205Ia 4500
005 20240823020526.0
008 240823s9999||||xx |||||||||||||| ||und||
020 _a81-7808-629-8
041 _aENGLISH
082 _A621.367 P5
100 _a"Gonzalez,Rafael C"
245 0 _aDigital Image Processing
250 _a2nd
260 _c2005
_bPearson Education (Singapore)
500 _aYES
650 _aImage Processing
_bElectronics
700 _a" Woods,Richard E"
942 _cBK
999 _c174958
_d174958